000 00799nam a2200205 a 4500
001 BRCA_1758
005 20190320203534.0
008 260508s2004----mx-a---###---#000-0#spa-#
020 _a9707015276
040 _aYUS
_cYUS
_dCUY
050 4 _aF1266
_b.S25 2004
100 1 _aSaldaña Villarreal, Maria Isabel
_95484
245 1 0 _aImágenes que iluminan la memoria
_ccoordinadora María Isabel Saldaña Villarreal ; textos de imágenes Andrés Henestrosa.
260 _aTorreón Coahuila, México
_bMUSA : Centro Cultural Arocena Laguna
_c2004
300 _a177 p.
_bil.
_c27 cm.
651 4 _aLaguna Región (México)
_vTrabajos Ilustrados
_xHistoria
_ySiglo XIX
_95485
651 4 _aLaguna Región
_vTrabajos Ilustrados
_xHistoria
_ySiglo XX
_95486
700 1 _aHenestrosa, Andrés
_91789
942 _2lcc
_cB
999 _c1541
_d1541